00169nam a2200073Ia 4500008004100000100001600041245002100057999001700078170627s9999 xx 000 0 und d aDEY- PRADIP 0aPROGRAMMING IN C c33726d33726